Bharatheeya sahitya ka bhavsamsar/ (Record no. 60469)

000 -LEADER
fixed length control field 00443nam a22001697a 4500
020 ## - INTERNATIONAL STANDARD BOOK NUMBER
ISBN 9788189924690
082 ## - DEWEY DECIMAL CLASSIFICATION NUMBER
Classification number H4
Item number AAR/B
100 ## - MAIN ENTRY--AUTHOR NAME
Personal name Aarsu
245 ## - TITLE STATEMENT
Title Bharatheeya sahitya ka bhavsamsar/
Statement of responsibility, etc by Aarsu and Parismitha Bardalai
260 ## - PUBLICATION, DISTRIBUTION, ETC. (IMPRINT)
Place of publication Allahabad:
Name of publisher Jaibharathi Prakashan,
Year of publication 2012.
300 ## - PHYSICAL DESCRIPTION
Number of Pages 343p.
650 ## - SUBJECT ADDED ENTRY--TOPICAL TERM
Topical Term Essays Hindi
650 ## - SUBJECT ADDED ENTRY--TOPICAL TERM
Topical Term Literature Hindi
650 ## - SUBJECT ADDED ENTRY--TOPICAL TERM
Topical Term Literature
700 ## - ADDED ENTRY--PERSONAL NAME
Personal name Parismitha Bardalai
942 ## - ADDED ENTRY ELEMENTS (KOHA)
Koha item type Book
Holdings
Withdrawn status Lost status Damaged status Not for loan Permanent Location Current Location Shelving location Date acquired Cost, normal purchase price Full call number Accession Number Price effective from Koha item type
        Sree Sankaracharya University of Sanskrit Sree Sankaracharya University of Sanskrit Stacks 03.05.2016 400.00 H4 AAR/B 074312 03.05.2016 Book